| 000 | 00678nam a2200193Ia 4500 | ||
|---|---|---|---|
| 001 | 2633 | ||
| 003 | GE_BSU | ||
| 008 | 181216s||||||||xx |||||||||||||| ||und|| | ||
| 040 | _cGE_BSU | ||
| 080 | _a53(075.8) | ||
| 245 | _aფიზიკა მე–4 გაამუშ. გამოც.სახელმძღვანელო უმაღლეს სასწ. შემსვლეთათვის | ||
| 260 | _aთბილისი | ||
| 260 | _bგანათლება | ||
| 260 | _c1971 | ||
| 300 | _a413 გვ. | ||
| 541 | _h8 ლ. | ||
| 653 | _aფიზიკა უმაღლეს სასწ. შემსვლეთათვის | ||
| 942 | _cBK | ||
| 999 |
_c36704 _d36704 |
||